000 00310nam a2200121Ia 4500
008 241002s9999 xx 000 0 und d
082 _a338.6046 BOR
100 _aBornstein, Morris
245 0 _aCompartive Economic Systems Models & Case
260 _aLondon:
_c1965
600 _aSocial Sciences
942 _cUC
999 _c18506
_d18506